Théorie Quantique Relativiste : Première Partie /
में बचाया:
| मुख्य लेखक: | |
|---|---|
| अन्य लेखक: | , |
| स्वरूप: | Sách giấy |
| प्रकाशित: |
Mát-xcơ-va :
Mir ,
1972
|
| टैग : |
टैग जोड़ें
कोई टैग नहीं, इस रिकॉर्ड को टैग करने वाले पहले व्यक्ति बनें!
|
| Thư viện lưu trữ: | Thư viện Trường Đại học Đà Lạt |
|---|
| LEADER | 00680nam a2200277 4500 | ||
|---|---|---|---|
| 001 | DLU020016242 | ||
| 005 | ##11/7/2000 | ||
| 020 | # | # | |a 978- |
| 041 | # | # | |f re |
| 082 | # | # | |a 530.1 |b BE-V |
| 090 | # | # | |a 530.1 |b BE-V |
| 100 | # | # | |a Berestetski, V. |
| 245 | # | # | |a Théorie Quantique Relativiste : |b Première Partie / |c Berestetski V., Lifchitz E., Pitayevski L. |
| 260 | # | # | |a Mát-xcơ-va : |b Mir , |c 1972 |
| 300 | # | # | |a 615 tr.; |c 22 cm. |
| 700 | # | # | |a Lifchitz, E. |
| 700 | # | # | |a Pitayevski, L. |
| 992 | # | # | |a 3698 |
| 994 | # | # | |a DLU |
| 900 | # | # | |a False |
| 911 | # | # | |a Administrator |
| 925 | # | # | |a G |
| 926 | # | # | |a A |
| 927 | # | # | |a SH |
| 980 | # | # | |a Thư viện Trường Đại học Đà Lạt |